| 000 | 00457nam a22001697a 4500 | ||
|---|---|---|---|
| 003 | OSt | ||
| 005 | 20220113162133.0 | ||
| 008 | 220113b |||||||| |||| 00| 0 eng d | ||
| 040 | _cHawassa university | ||
| 050 | _a636.08/ENS | ||
| 082 |
_2Seventh edition _a636.08/ENS |
||
| 100 |
_aInsminger m. e. _927903 |
||
| 111 |
_cNew library _927013 |
||
| 245 | _aAnimal sceince | ||
| 260 |
_aUnited states of america _bThe interstate _c1977 |
||
| 942 |
_2ddc _cBOOKS _n0 |
||
| 999 |
_c26915 _d26915 |
||